Langues de l'Empire Romain avec une carte - Statistiques

Statistiques générales
  • Ce quiz a été pris 493 fois
  • Le résultat moyen est 14 sur 58
Réponses sur la Carte
Les réponses sont colorées sur une échelle allant du rouge au vert en fonction du pourcentage des utilisateurs qui les ont devinées à leur premier essai. Vous pouvez retrouver ces pourcentages ci-dessous.
 
Statistiques - réponses
Langues % Correct
Latin
98%
Grec
93%
Arabe ancien
83%
Gaulois
80%
Démotique
69%
Hébreu biblique
62%
Aquitain
57%
Vieux Perse
56%
Arménien
54%
Berbère de l'Est
49%
Berbère du Nord
49%
Paléo-Corse
45%
Punique
39%
Vieil Araméen
39%
Paléo-Sarde
38%
Phénicien
36%
Dace
35%
Elbe Germanique
35%
Weser-Rhin Germanique
35%
Géorgien
34%
Thrace
31%
Ibère
29%
Ligure
26%
Illyrien
21%
Galate
17%
Kabyle
17%
Ancien Cappadocien
15%
Brittonique
15%
Celtibère
15%
Nubien
14%
Parthe
14%
Scythe
12%
Abazgi
11%
Mède
11%
Norique
8%
Phrygien
8%
Rhétique
8%
Caucasien de l'Est
7%
Caucasien de l'Ouest
7%
Ossète
7%
Isaurien
5%
Lusitain
5%
Tartessien
5%
Dardanie
4%
Paphlagonien
4%
Péonien
4%
Pisidien
4%
Avaro-Andi
3%
Bedja
3%
Colchide
3%
Gallaïque
3%
Méroïtique
3%
Nakh
3%
Oubykh
3%
Svane
3%
Khinalug
2%
Samur
2%
Tsez
2%
Aucun quiz correspondant
Distribution des résultats
% des personnes avec chaque résultat
Percentile par nombre de réponses
Votre historique - résultats
Vous n’avez pas pris ce quiz